000
00315nam a22001337a 4500
003
SGT
020
_a
0-07-096358-4
082
_a
642.6
_b
AND
100
_a
ANDREWS, SUDHIR
245
_a
FOOD AND BEVERAGE SERVICE TRAINING MANAGEMENT
260
_a
DELHI
_b
TATAMC GRAW HILL
_c
1995
300
_a
192
942
_2
ddc
_c
BK
999
_c
22734
_d
22734